Les meilleurs joueurs de la coupe du monde - Statistiques

Statistiques générales
  • Ce quiz a été pris 158 fois
  • Le résultat moyen est 7 sur 10
Statistiques - réponses
Année Pays Réponse % Correct
2022 - 2014 Argentine Lionel Messi
100%
2018 Croatie Luka Modric
97%
2006 France Zinédine Zidane
96%
1998 Bésil Ronaldo
91%
1986 Argentine Diego Maradona
80%
2010 Uruguay Diego Forlan
74%
2002 Allemagne Oliver Kahn
51%
1994 Brésil Romario
37%
1982 Italie Paolo Rossi
31%
1990 Italie Salvatore Schillaci
8%
Aucun quiz correspondant
Distribution des résultats
% des personnes avec chaque résultat
Percentile par nombre de réponses
Votre historique - résultats
Vous n’avez pas pris ce quiz